000 00940nam0a22002411 4500
001 v19\rc\2065499
005 20250620025706.0
035 _a(NLR Aleph) 005141461
090 _a4807278
_c4807278
100 _a20081111e191 |||y0rusy50 ca
101 0 _arus
102 _aRU
105 _ay b |||||
200 1 _aСоциалистический катехизис
_eИз книги "О мирной борьбе с социализмом", 2-й т.
_f[Соч.] В. Саблера
210 _aЕкатеринослав
_d[191-?]
215 _a2 с.
488 0 _12001#$aО мирной борьбе с социализмом$vТ. 2
_tО мирной борьбе с социализмом
700 1 _7ca
_8rus
_aСаблер
_bВ. К.
_f1845-1929
_gВладимир Карлович
_9267332
_3RU\NLR\AUTH\770267388
801 0 _aRU
_bNLR
_gpsbo
801 1 _aRU
_bProSoft-M
_2rusmarc
852 _aNLR
_j20.45.9.24
942 _cBOOK
980 _aNB